000 01425nam0a22003131 4500
001 rc\3939981
005 20250610130657.0
021 _aRU
_bРг1289-58
035 _a(NLR Aleph) 007919360
090 _a8147830
_c8147830
100 _a20130415d1956 |||y0rusy50 ca
101 0 _arus
102 _aRU
105 _aa z |||||
200 1 _aТранспортировка цемента и механизация его погрузки и разгрузки
_fСССР. М-во строит. и дор. машиностроения. Всесоюз. науч.-исслед. ин-т строит. и дор. машиностроения. "ВНИИСТРОЙДОРМАШ". Центр. отд. техн.-экон. исследований и информации
210 _aМосква
_cБ. и.
_d1956
215 _a[1], 67 л.
_cил.
_d29
225 1 _aОбзор
_v№ 24
300 _aТекст на одной стороне листа
300 _aНа обороте тит. л. сост.: канд. техн. наук Н.Ф. Ермаков, инж. К.В. Волосаева
300 _aНапеч. на ротаторе
320 _aБиблиогр.: л. 66
700 1 _aЕрмаков
_bН.Ф.
_gНиколай Федорович
_4220
701 1 _aВолосаева
_bК.В.
_4220
801 0 _aRU
_bNLR
_gpsbo
801 1 _aRU
_bELAR
_2rusmarc
852 _aNLR
_j58-8/386
942 _cBOOK
980 _aNB